000 01715cam a22004214a 4500
001 13949738
003 OSt
005 20260428170336.0
008 050503s2005 nyua bc 001 0 eng
010 _a 2005048800
020 _a0393730794
020 _a0393107280
_qCD-ROM
020 _a9780500342183
020 _a0500342180
_q(CD-ROM)
035 _a13949738
035 _a(OCoLC)60323260
040 _aDLC
_cFoundation University
_dFoundation University
042 _apcc
050 0 0 _aNA 2750
_b.J87 2002
100 1 _aJuracek, Judy A.
_915755
245 1 0 _aArchitectural surfaces :
_bdetails for artists, architects, and designers /
_cJudy A. Juracek, Peter Pennoyer, architectural consultant.
250 _a1st ed.
260 _aNew York :
_bW.W. Norton,
_cc2002.
264 _42002
300 _a352 p. :
_bcol. ill. ;
_c29 cm. +
_e1 CD-ROM (4 3/4 in.)
_3books
_fbooks
336 _atext
_btxt
_2rdacontent
_3n
337 _aunmediated
_bn
_2rdamedia
_3n
338 _avolume
_bnc
_2rdacarrier
_3n
504 _aIncludes bibliographical references (p. 343) and index.
538 _aSystem requirements: Macintosh or Windows.
650 0 _aArchitecture
_xDetails
_vCatalogs.
_915756
655 7 _aCatalogs.
_2lcgft
_0https://id.loc.gov/authorities/genreForms/gf2014026057
_912662
700 1 _aPennoyer, Peter.
_915757
906 _a7
_bcbc
_corignew
_d1
_eocip
_f20
_gy-gencatlg
942 _2lcc
_cBK
_hNA 2750
_i.2002 J87
_k(DAFA-Arch)
999 _c5833
_d5833